| 000 | 00554nam a2200169 a 4500 | ||
|---|---|---|---|
| 001 | 000004376 | ||
| 005 | 20200929151431.0 | ||
| 008 | 820909s1931 enka 001 0 eng | ||
| 040 |
_aDO-SdBNP _bspa _cBNPHU |
||
| 082 |
_a823.5 _bS977gu |
||
| 100 | 1 |
_aSwift, Jonathan, _d1667-1745 _912023 |
|
| 245 | 1 | 0 |
_aGulliver's travels : _ba tale of a tub. The battle of the books / _cJonathan Swift. |
| 260 |
_aNew York : _bThe Modern Library, _c1931. |
||
| 300 |
_axiii, 559 p. : _bil. ; _c19 cm. |
||
| 650 | 4 |
_aNovela irlandesa _911511 |
|
| 650 | 4 |
_aLiteratura irlan _912884 |
|
| 999 |
_c4185 _d4185 |
||